Ruotsi - verbit - Statistics

Yleistilastot
  • Tätä visaa on pelattu 38 kertaa
  • Keskiarvotulos 11 / 20
Vastaustilastot
Hint Vastaus % Oikein
syödä äta, äter, åt, ätit
77%
kävellä gå, går, gick, gått
74%
nukkua sova, sover, sov, sovit
74%
olla vara, är, var, varit
74%
katsoa titta, tittar, tittade, tittat
71%
kirjoittaa skriva, skriver, skrev, skrivit
68%
tehdä göra, gör, gjorde, gjort
65%
työskennellä jobba, jobbar, jobbade, jobbat
61%
kuunnella lyssna, lyssnar, lyssnade, lyssnat
61%
puhua tala, talar, talade, talat
61%
valita välja, väljer, valde, valt
61%
juoda dricka, dricker, drack, druckit
58%
ajatella tänka, tänker, tänkte, tänkt
58%
tietää veta, vet, visste, vetat
55%
haluta vilja, vill, ville, velat
52%
lentää flyga, flyger, flög, flugit
42%
matkustaa resa, reser, reste, rest
42%
mennä fara, far, for, farit
6%
koskea röra, rör, rörde, rört
3%
nähdä se, se, såg, sett,
3%
Ehtoja vastaavia visoja ei löytynyt
Tulosjakauma
Jokaisen tuloksen saaneiden osuus
Persentiili vastausten määrän mukaan
Tuloshistoriasi
Et ole pelannut tätä visaa